000 00515nam a2200193Ia 4500
003 LDD
008 181029s9999 xx 000 0 und d
020 _a8171324533
_c550.00
040 _cLDD
100 _aKulkarni, N
245 0 _aWomen and leadership
_cN Kulkarni
260 _aJaipur
_bPointer
_c2006
300 _av, 229p.
365 _b550.00
901 _a3864
_b27-02-2007
902 _a11582
_b08-03-2007
_cF
_dGBH
_e64
903 _aDiscount-10
_bReqst by : Thomas,
942 _2ddc
_cBK
999 _c78377
_d78377